[Event "European Blitz-ch 2018"]
[Site "Skopje"]
[Date "2018.12.06"]
[Round "6"]
[White "Ragger, Markus"]
[Black "Gouloutis, Nikolaos"]
[Result "1-0"]
[WhiteElo "2687"]
[BlackElo "2353"]
[Annotator "TA"]
[PlyCount "83"]
[EventDate "2018.12.06"]
[EventType "swiss"]
[EventCountry "MKD"]

1. e4 c6 2. d4 d5 3. exd5 cxd5 4. Bd3 Nc6 5. c3 g6 6. Nf3 Nh6 7. O-O Bf5 8. Re1 Bg7 9. h3 O-O 10. Na3 Rc8 11. Nc2 Bxd3 12. Qxd3 Nf5 13. Bf4 Qb6 14. Rab1 Rfe8 15. a3 Na5 16. Nb4 e6 17. Qd1 Nc4 18. Nd3 Nfd6 19. Nfe5 f6 20. Nxc4 Nxc4 21. Bg3 e5 22. dxe5 fxe5 23. Nb4 Rcd8 24. Bh4 Rd7 25. Qa4 Qc7 26. Nxd5 Qc6 27. Qxc6 bxc6 28. Ne3 Nb6 29. Red1 e4 30. Rxd7 Nxd7 31. Rd1 Nc5 32. Rd6 Rc8 33. b4 Nd3 34. c4 Bf8 35. Rd7 a5 36. Ng4 Bg7 37. bxa5 h5 38. Nf6+ Kf8 39. Nxe4 Re8 40. Rd8 Bd4 41. a6 Kf7 42. Nd6+ 1-0

[Event "European Blitz-ch 2018"]
[Site "Skopje"]
[Date "2018.12.06"]
[Round "6"]
[White "Demchenko, Anton"]
[Black "Santos Ruiz, Miguel"]
[Result "0-1"]
[WhiteElo "2679"]
[BlackElo "2523"]
[Annotator "TA"]
[PlyCount "122"]
[EventDate "2018.12.06"]
[EventType "swiss"]
[EventCountry "MKD"]

1. e4 c5 2. Nf3 d6 3. d4 cxd4 4. Qxd4 Nf6 5. Be2 Nc6 6. Qe3 g6 7. O-O Bg7 8. Rd1 O-O 9. h3 Nd7 10. Nc3 Nb4 11. Qd2 b6 12. Nd5 Nxd5 13. exd5 Bb7 14. c4 b5 15. cxb5 Nb6 16. Nd4 Bxd5 17. b3 Qd7 18. Bb2 Qb7 19. Bf1 Rfc8 20. Re1 e6 21. Rad1 Nd7 22. Ba1 Nc5 23. f3 a6 24. Kh1 axb5 25. Nxb5 Qb6 26. Bxg7 Kxg7 27. Nc3 Bb7 28. Rc1 d5 29. Qd4+ Kg8 30. Red1 Ba6 31. Bxa6 Qxa6 32. Nxd5 exd5 33. Rxc5 Qxa2 34. Rxc8+ Rxc8 35. Qxd5 Rc2 36. Qd8+ Kg7 37. Qd4+ Kg8 38. Re1 Rc8 39. b4 Rb8 40. Qd6 Qa8 41. Rb1 Rb5 42. Qd3 Qb7 43. Qc4 h5 44. Rb2 Kg7 45. Qc3+ Kh7 46. Rb1 Rb6 47. Kg1 Rb5 48. Rb2 Rb6 49. Kh1 Rb5 50. Qc4 Kg7 51. Rb1 Kg8 52. Qd4 Qb8 53. g4 Qb7 54. Kg2 Qb8 55. Rb2 Kh7 56. Qc4 Kg7 57. Qd4+ Kg8 58. Rb3 Qb7 59. Rb1 Rd5 60. Qe3 Rb5 61. Qd2 Qb8 0-1

[Event "European Blitz-ch 2018"]
[Site "Skopje"]
[Date "2018.12.06"]
[Round "6"]
[White "Van Foreest, Jorden"]
[Black "Zlatanovic, Boroljub"]
[Result "0-1"]
[WhiteElo "2614"]
[BlackElo "2376"]
[Annotator "TA"]
[PlyCount "105"]
[EventDate "2018.12.06"]
[EventType "swiss"]
[EventCountry "MKD"]

1. e4 e6 2. d4 d5 3. Nc3 Bb4 4. Bd3 dxe4 5. Bxe4 Nf6 6. Bf3 c5 7. a3 Bxc3+ 8. bxc3 Nc6 9. Ne2 e5 10. Bg5 cxd4 11. cxd4 Nxd4 12. Nxd4 Qxd4 13. Qxd4 exd4 14. O-O-O h6 15. Rhe1+ Be6 16. Bxb7 Rd8 17. Bc6+ Ke7 18. Bd2 Nd5 19. Re4 Nc3 20. Bxc3 dxc3 21. Rxd8 Rxd8 22. Ra4 Rd2 23. Rxa7+ Kd6 24. Bf3 Rxf2 25. Ra8 Rf1+ 26. Bd1 Kc7 27. Ra4 Kb6 28. Rd4 Kc5 29. Rd3 Kc4 30. Rf3 Rg1 31. Rf4+ Kc5 32. Rf3 Kd4 33. g3 g5 34. Rd3+ Kc4 35. Re3 Rh1 36. Re4+ Kd5 37. Re3 Kd4 38. Rd3+ Kc4 39. a4 Bg4 40. a5 Kb5 41. Rd5+ Ka6 42. h3 Bf3 43. Rd3 Bxd1 44. Rxd1 Rxd1+ 45. Kxd1 f5 46. Ke2 Kxa5 47. Kd3 Kb4 48. Kd4 f4 49. gxf4 gxf4 50. h4 h5 51. Kd3 f3 52. Ke3 Ka3 53. Kd4 0-1

[Event "European Blitz-ch 2018"]
[Site "Skopje"]
[Date "2018.12.06"]
[Round "6"]
[White "Banikas, Hristos"]
[Black "Musovic, Armin"]
[Result "1-0"]
[WhiteElo "2601"]
[BlackElo "2301"]
[Annotator "TA"]
[PlyCount "57"]
[EventDate "2018.12.06"]
[EventType "swiss"]
[EventCountry "MKD"]

1. d4 d5 2. c4 c5 3. cxd5 Qxd5 4. Nf3 cxd4 5. Nc3 Qa5 6. Nxd4 Nf6 7. Nb3 Qc7 8. g3 e5 9. Bg5 Bb4 10. Bxf6 Bxc3+ 11. bxc3 gxf6 12. Bg2 Qxc3+ 13. Nd2 Nc6 14. O-O Bf5 15. Rc1 Qb4 16. a3 Qe7 17. Rxc6 bxc6 18. Bxc6+ Kf8 19. Bxa8 h5 20. h4 Qxa3 21. Qa1 Qc5 22. Rc1 Qb6 23. Nc4 Qb8 24. Ne3 Be6 25. Bd5 Qb6 26. Bxe6 Qxe6 27. Qxa7 Kg7 28. Qb7 f5 29. Rc6 1-0

[Event "European Blitz-ch 2018"]
[Site "Skopje"]
[Date "2018.12.06"]
[Round "6"]
[White "Georgiev, Kiril"]
[Black "Stocek, Jiri"]
[Result "1/2-1/2"]
[WhiteElo "2595"]
[BlackElo "2576"]
[Annotator "TA"]
[PlyCount "111"]
[EventDate "2018.12.06"]
[EventType "swiss"]
[EventCountry "MKD"]

1. d4 d6 2. Nf3 g6 3. c4 Bg7 4. Nc3 Bg4 5. e3 Nf6 6. h3 Bxf3 7. Qxf3 Nc6 8. g4 O-O 9. g5 Nh5 10. h4 e5 11. d5 Nb4 12. Qd1 f6 13. a3 Na6 14. gxf6 Qxf6 15. Rh2 Nc5 16. Qg4 Rae8 17. Ne4 Nxe4 18. Qxe4 Ng3 19. Qg4 Nxf1 20. Kxf1 e4 21. Rb1 h5 22. Qg3 Re5 23. Bd2 Rf5 24. Bc3 Qf7 25. Bxg7 Qxg7 26. Rg2 Kh7 27. Kg1 Rf3 28. Qg5 Qf6 29. Qxf6 R8xf6 30. Rd1 Rh3 31. Rd4 Rxh4 32. b4 Kg7 33. Rg3 Rf5 34. f4 Kf7 35. Kg2 g5 36. fxg5 Kg6 37. c5 Rxg5 38. Rxg5+ Kxg5 39. cxd6 cxd6 40. Rc4 Rg4+ 41. Kh2 h4 42. Rc7 Rg3 43. Rxb7 Rxe3 44. Rxa7 Kf4 45. b5 Rb3 46. Rf7+ Ke5 47. a4 Kxd5 48. Rh7 e3 49. Kg2 Rb2+ 50. Kf3 Rb4 51. Kxe3 Rxa4 52. b6 Rb4 53. b7 Kc6 54. Kd3 Rxb7 55. Rxh4 Rb5 56. Ke4 1/2-1/2

[Event "European Blitz-ch 2018"]
[Site "Skopje"]
[Date "2018.12.06"]
[Round "6"]
[White "Esipenko, Andrey"]
[Black "Stanojoski, Zvonko"]
[Result "0-1"]
[WhiteElo "2593"]
[BlackElo "2447"]
[Annotator "TA"]
[PlyCount "126"]
[EventDate "2018.12.06"]
[EventType "swiss"]
[EventCountry "MKD"]

1. d4 d5 2. Nf3 e6 3. Bf4 Bd6 4. Bg3 Nf6 5. e3 O-O 6. Nbd2 c5 7. c3 b6 8. Bd3 Bb7 9. Qe2 Ne4 10. Rd1 h6 11. Ne5 Bxe5 12. Bxe5 Nd7 13. Bg3 Nxg3 14. hxg3 cxd4 15. exd4 e5 16. dxe5 Nxe5 17. O-O Re8 18. Nf3 Qf6 19. Nxe5 Rxe5 20. Qg4 Rae8 21. Qd4 Qc6 22. f3 Qc5 23. Kf2 Kf8 24. Rc1 Re3 25. Rfd1 Qe7 26. Bf1 Kg8 27. Rd2 Re1 28. Rcd1 Rxd1 29. Rxd1 Bc6 30. Bd3 Qc5 31. g4 Kf8 32. Rh1 Bb7 33. Rd1 Qxd4+ 34. cxd4 Rc8 35. Ke3 Ke7 36. Kf4 Kd6 37. Re1 Bc6 38. Ba6 Re8 39. Rc1 Re7 40. Bd3 Bd7 41. g5 hxg5+ 42. Kxg5 Re3 43. Rd1 Re8 44. Kf4 Rh8 45. Rc1 Rh2 46. Kg3 Rh8 47. Kf2 Rh6 48. b3 Rh8 49. Ke3 Re8+ 50. Kd2 Rh8 51. Re1 Rh2 52. Bf1 Rh1 53. Bd3 Rh2 54. Bf1 Rh1 55. Bd3 Rh2 56. Rg1 Rh4 57. Ke3 Rh8 58. Rc1 Rh2 59. Kf2 Rh4 60. Ke3 Rh2 61. Rg1 Rh8 62. Kf4 Rh4+ 63. Ke3 Rh8 0-1

[Event "European Blitz-ch 2018"]
[Site "Skopje"]
[Date "2018.12.06"]
[Round "6"]
[White "Stevic, Hrvoje"]
[Black "Dragnev, Valentin"]
[Result "1/2-1/2"]
[WhiteElo "2587"]
[BlackElo "2483"]
[Annotator "TA"]
[PlyCount "82"]
[EventDate "2018.12.06"]
[EventType "swiss"]
[EventCountry "MKD"]

1. e4 c5 2. c3 d5 3. exd5 Qxd5 4. d4 Nf6 5. Nf3 e6 6. Na3 Nc6 7. Be3 cxd4 8. Nb5 Qd8 9. Nbxd4 Bd7 10. Nxc6 Bxc6 11. Ne5 Bd6 12. Nxc6 bxc6 13. g3 O-O 14. Bg2 Nd5 15. Bd2 Rb8 16. Qc2 Qb6 17. b3 Rfd8 18. O-O Be5 19. Rad1 Qc5 20. c4 Nb4 21. Bxb4 Qxb4 22. Bxc6 Bd4 23. Kg2 a5 24. Rd3 Qc5 25. Bf3 Rd6 26. Rfd1 Rbd8 27. Qd2 h6 28. Qe2 R8d7 29. R1d2 Rd8 30. Qe4 g6 31. Qb7 Kg7 32. h4 R8d7 33. Qe4 h5 34. Qa8 Rd8 35. Qb7 R8d7 36. Qb5 Rd8 37. Be4 Kf6 38. Rf3+ Kg7 39. Rdd3 f5 40. Bb7 Qc7 41. c5 Qxc5 1/2-1/2

[Event "European Blitz-ch 2018"]
[Site "Skopje"]
[Date "2018.12.06"]
[Round "6"]
[White "Moroni, Luca Jr"]
[Black "Fridman, Daniel"]
[Result "1-0"]
[WhiteElo "2564"]
[BlackElo "2633"]
[Annotator "TA"]
[PlyCount "121"]
[EventDate "2018.12.06"]
[EventType "swiss"]
[EventCountry "MKD"]

1. Nf3 d5 2. e3 Nf6 3. c4 e6 4. b3 c5 5. Bb2 Nc6 6. cxd5 exd5 7. Bb5 Bd6 8. O-O O-O 9. d4 cxd4 10. Nxd4 Bc7 11. Nd2 Qd6 12. N2f3 Bg4 13. Bxc6 bxc6 14. h3 Bd7 15. Rc1 c5 16. Qc2 Ne4 17. Ne2 Qg6 18. Kh1 Bf5 19. Qd1 Rfd8 20. Nc3 Nxc3 21. Bxc3 Be4 22. Re1 Re8 23. Nh4 Qd6 24. f4 d4 25. Bb2 Rad8 26. Qg4 g6 27. exd4 cxd4 28. Bxd4 Qxf4 29. Rxc7 Qxc7 30. Rxe4 Qc1+ 31. Kh2 Qc7+ 32. Kh1 Qc1+ 33. Bg1 h5 34. Rxe8+ Rxe8 35. Qd4 Qc2 36. Qxa7 Re2 37. Qa8+ Kh7 38. Qf3 Kg8 39. a4 Rd2 40. a5 Rd3 41. Qa8+ Kh7 42. a6 Qa2 43. Nf3 Rxb3 44. Ng5+ Kh6 45. Nxf7+ Kg7 46. Ng5 Kf6 47. Ne4+ Ke5 48. a7 Ra3 49. Qe8+ Kf4 50. Qxg6 h4 51. Qg4+ Ke5 52. Nc5 Kd6 53. Ne4+ Ke5 54. Ng5 Ra4 55. Nf3+ Kd5 56. Qg8+ Kc6 57. Qxa2 Rxa2 58. Nxh4 Kb7 59. Nf3 Ra4 60. h4 Ra5 61. Kh2 1-0

[Event "European Blitz-ch 2018"]
[Site "Skopje"]
[Date "2018.12.06"]
[Round "6"]
[White "Brkic, Ante"]
[Black "De Filomeno, Simone"]
[Result "1-0"]
[WhiteElo "2563"]
[BlackElo "2436"]
[Annotator "TA"]
[PlyCount "77"]
[EventDate "2018.12.06"]
[EventType "swiss"]
[EventCountry "MKD"]

1. e4 c5 2. Nf3 Nc6 3. d4 cxd4 4. Nxd4 g6 5. c4 Nf6 6. Nc3 Nxd4 7. Qxd4 d6 8. Be2 Bg7 9. Be3 O-O 10. Qd2 a5 11. Rd1 a4 12. O-O Qa5 13. Bd4 Be6 14. f4 Nd7 15. f5 Bxd4+ 16. Qxd4 gxf5 17. exf5 Bxf5 18. Nd5 e5 19. Ne7+ Kh8 20. Qh4 Bc2 21. Bd3 Bxd3 22. Rxd3 f5 23. Ng6+ Kg8 24. Nxf8 Nxf8 25. Rxf5 Ng6 26. Qf2 Qc7 27. h4 Qxc4 28. Rxd6 Qc1+ 29. Kh2 Qc7 30. Rdf6 Re8 31. h5 e4+ 32. Qg3 Qxg3+ 33. Kxg3 e3 34. Rf1 e2 35. Re1 Nf8 36. Rf2 Re3+ 37. Kh2 Re5 38. g4 Ne6 39. Rfxe2 1-0

[Event "European Blitz-ch 2018"]
[Site "Skopje"]
[Date "2018.12.06"]
[Round "6"]
[White "Jankovic, Alojzije"]
[Black "Ruck, Robert"]
[Result "0-1"]
[WhiteElo "2557"]
[BlackElo "2512"]
[Annotator "TA"]
[PlyCount "63"]
[EventDate "2018.12.06"]
[EventType "swiss"]
[EventCountry "MKD"]

1. d4 Nf6 2. Nf3 e6 3. c4 b6 4. Bg5 h6 5. Bh4 Bb7 6. Qc2 c5 7. d5 exd5 8. cxd5 Be7 9. Bxf6 Bxf6 10. e4 O-O 11. Bd3 d6 12. O-O a6 13. a4 Nd7 14. Nbd2 Ne5 15. Nxe5 Bxe5 16. Nc4 Bd4 17. Qb3 f5 18. Nxb6 Rb8 19. a5 fxe4 20. Bxe4 Qh4 21. Bf3 Bc8 22. Rae1 Bf5 23. Qa3 Rf6 24. b4 Rbf8 25. bxc5 Bxc5 26. Qa4 Qg5 27. h4 Qg6 28. Kh2 Bd3 29. Nd7 Rxf3 30. gxf3 Bxf1 31. Rxf1 Rxf3 32. Rg1 0-1

[Event "European Blitz-ch 2018"]
[Site "Skopje"]
[Date "2018.12.06"]
[Round "6"]
[White "Delchev, Aleksander"]
[Black "Todorovic, Goran N"]
[Result "1/2-1/2"]
[WhiteElo "2552"]
[BlackElo "2318"]
[Annotator "TA"]
[PlyCount "92"]
[EventDate "2018.12.06"]
[EventType "swiss"]
[EventCountry "MKD"]

1. d4 e6 2. Nf3 f5 3. g3 Nf6 4. Bg2 d5 5. Bf4 Bd6 6. e3 O-O 7. O-O Ne4 8. c4 c6 9. Nbd2 Be7 10. Bxb8 Rxb8 11. Ne5 Nxd2 12. Qxd2 Bd6 13. Qc3 Bxe5 14. dxe5 b6 15. cxd5 cxd5 16. Rfc1 Bb7 17. Qa3 a6 18. Rc2 Qd7 19. Rac1 Rfc8 20. Qb4 b5 21. b3 Rxc2 22. Rxc2 Rc8 23. Rc5 Rxc5 24. Qxc5 Kf7 25. f4 Qc6 26. Qxc6 Bxc6 27. b4 Ke7 28. Kf2 Be8 29. Ke1 Bh5 30. Kd2 Kd7 31. Kc3 Be2 32. Kd4 Kc6 33. a3 h5 34. h3 g6 35. Kc3 Kb6 36. Kd2 Bc4 37. Bf3 Bf1 38. h4 Bc4 39. Bd1 Kc6 40. Kc3 Kb6 41. a4 Kc6 42. a5 Bf1 43. Kd4 Bc4 44. Bc2 Be2 45. Kc3 Bc4 46. Kd2 Bf1 1/2-1/2

[Event "European Blitz-ch 2018"]
[Site "Skopje"]
[Date "2018.12.06"]
[Round "6"]
[White "Popov, Valerij"]
[Black "Nazaretyan, Tigran"]
[Result "1-0"]
[WhiteElo "2532"]
[BlackElo "2250"]
[Annotator "TA"]
[PlyCount "60"]
[EventDate "2018.12.06"]
[EventType "swiss"]
[EventCountry "MKD"]

1. Nf3 Nf6 2. c4 g6 3. Nc3 Bg7 4. e4 O-O 5. d4 d6 6. Be2 e5 7. Be3 Ng4 8. Bg5 f6 9. Bh4 Nc6 10. d5 Ne7 11. Nd2 f5 12. Bxg4 fxg4 13. Bg5 Qe8 14. b4 a6 15. c5 Qf7 16. O-O Bf6 17. Bh6 Bg7 18. Be3 h5 19. Nc4 Qf6 20. Qd2 Rd8 21. f3 g3 22. hxg3 Kh7 23. Rac1 dxc5 24. bxc5 Be6 25. f4 exf4 26. Rxf4 Qg5 27. Rh4 Qxg3 28. Bf2 Bxc3 29. Rxc3 Qxh4 30. Bxh4 Bc8 1-0

[Event "European Blitz-ch 2018"]
[Site "Skopje"]
[Date "2018.12.06"]
[Round "6"]
[White "Lobanov, Sergei"]
[Black "Dvirnyy, Danyyil"]
[Result "1/2-1/2"]
[WhiteElo "2526"]
[BlackElo "2485"]
[Annotator "TA"]
[PlyCount "78"]
[EventDate "2018.12.06"]
[EventType "swiss"]
[EventCountry "MKD"]

1. e4 c6 2. d4 d5 3. e5 Bf5 4. Nf3 e6 5. Be2 Ne7 6. O-O Nd7 7. Nbd2 h6 8. Nb3 Bh7 9. a4 Ng6 10. a5 Be7 11. Be3 f6 12. exf6 Bxf6 13. Bd3 O-O 14. Re1 Qc7 15. c4 Kh8 16. cxd5 cxd5 17. Qb1 Nh4 18. Bxh7 Nxf3+ 19. gxf3 Bg5 20. Bxg5 hxg5 21. Qd3 Rf6 22. Bg6 Nf8 23. Rac1 Qf4 24. Bh5 Rh6 25. Bg4 Qxh2+ 26. Kf1 Ng6 27. f4 Nxf4 28. Qg3 Qh1+ 29. Qg1 Rh4 30. f3 Nd3 31. Qxh1 Rxh1+ 32. Ke2 Rxe1+ 33. Rxe1 Nxe1 34. Kxe1 b6 35. Kd2 Re8 36. a6 Kg8 37. Nc1 Kf7 38. Nd3 Rc8 39. Ne5+ Ke7 1/2-1/2

[Event "European Blitz-ch 2018"]
[Site "Skopje"]
[Date "2018.12.06"]
[Round "6"]
[White "Potapov, Pavel"]
[Black "Warmerdam, Max"]
[Result "1-0"]
[WhiteElo "2516"]
[BlackElo "2433"]
[Annotator "TA"]
[PlyCount "107"]
[EventDate "2018.12.06"]
[EventType "swiss"]
[EventCountry "MKD"]

1. e4 e5 2. Nf3 Nc6 3. Bb5 a6 4. Ba4 Nf6 5. O-O Bc5 6. d3 b5 7. Bb3 d6 8. c3 h6 9. Nbd2 O-O 10. Re1 Ng4 11. Re2 Kh8 12. Nf1 f5 13. Bd5 Bd7 14. exf5 Rxf5 15. Ng3 Rf8 16. d4 exd4 17. Nxd4 Bxd4 18. cxd4 Qf6 19. Be3 Nxe3 20. fxe3 Rae8 21. Bf3 Ne7 22. Qc2 c6 23. Rf1 Qg5 24. Rfe1 Nf5 25. Nxf5 Rxf5 26. Kh1 d5 27. e4 dxe4 28. Rxe4 Rff8 29. Re5 Qf6 30. Qe2 Rd8 31. Qe3 Qd6 32. d5 cxd5 33. Rxd5 Qf6 34. Red1 Bf5 35. Rxd8 Rxd8 36. Rxd8+ Qxd8 37. Qe5 Qd7 38. Kg1 Qe6 39. Qxe6 Bxe6 40. a3 Kg8 41. Kf2 Kf7 42. Ke3 Ke7 43. Kd4 Kd6 44. b4 Bc8 45. Be4 Be6 46. Bb7 Kc7 47. Ke5 Kxb7 48. Kxe6 Kc6 49. h4 h5 50. g3 g6 51. Kf6 Kd5 52. Kxg6 Kc4 53. Kxh5 Kb3 54. g4 1-0

[Event "European Blitz-ch 2018"]
[Site "Skopje"]
[Date "2018.12.06"]
[Round "6"]
[White "Nenezic, Marko"]
[Black "Ivic, Velimir"]
[Result "1-0"]
[WhiteElo "2515"]
[BlackElo "2497"]
[Annotator "TA"]
[PlyCount "73"]
[EventDate "2018.12.06"]
[EventType "swiss"]
[EventCountry "MKD"]

1. Nf3 Nf6 2. c4 g6 3. b4 Bg7 4. Bb2 O-O 5. g3 d5 6. cxd5 Nxd5 7. Bxg7 Kxg7 8. Qb3 Qd6 9. Qb2+ f6 10. a3 e5 11. Bg2 a5 12. b5 c5 13. bxc6 Nxc6 14. O-O b5 15. d3 Rb8 16. Nbd2 Be6 17. Rfc1 Rfc8 18. Ne4 Qe7 19. Nc5 Bf7 20. Bh3 Rd8 21. e4 Nc7 22. Rc2 b4 23. Rac1 bxa3 24. Qxa3 Nb5 25. Qa1 Nbd4 26. Nxd4 Nxd4 27. Rb2 Rxb2 28. Qxb2 Qa7 29. Kg2 Rb8 30. Qa3 Qb6 31. Nd7 Qb4 32. Qxb4 Rxb4 33. Rc7 a4 34. Nc5 a3 35. Ra7 Rb5 36. Ne6+ Kg8 37. Ra8+ 1-0

[Event "European Blitz-ch 2018"]
[Site "Skopje"]
[Date "2018.12.06"]
[Round "6"]
[White "Van Foreest, Lucas"]
[Black "Anton Guijarro, David"]
[Result "0-1"]
[WhiteElo "2500"]
[BlackElo "2642"]
[Annotator "TA"]
[PlyCount "86"]
[EventDate "2018.12.06"]
[EventType "swiss"]
[EventCountry "MKD"]

1. e4 e5 2. Nf3 Nc6 3. Bc4 Bc5 4. O-O Nf6 5. d3 h6 6. c3 d6 7. Re1 a5 8. Nbd2 O-O 9. Nf1 a4 10. Bb5 a3 11. b4 Bb6 12. Bc4 Ne7 13. Be3 Bxe3 14. Nxe3 c6 15. Bb3 Ng6 16. Qd2 Re8 17. h3 d5 18. exd5 cxd5 19. d4 e4 20. Ne5 Nxe5 21. dxe5 Rxe5 22. Rad1 Be6 23. c4 Qd7 24. Nxd5 Bxd5 25. cxd5 Qd6 26. f4 exf3 27. Rxe5 Qxe5 28. gxf3 Rd8 29. d6 Ne8 30. Qf2 Rxd6 31. Re1 Qg5+ 32. Qg2 Qxg2+ 33. Kxg2 Rd2+ 34. Kg3 Kf8 35. Re5 Nd6 36. Ra5 g5 37. Rxa3 h5 38. Ra5 b5 39. f4 Rd3+ 40. Kf2 gxf4 41. Ra6 Ke7 42. Ra7+ Kf6 43. Rd7 Ne4+ 0-1

[Event "European Blitz-ch 2018"]
[Site "Skopje"]
[Date "2018.12.06"]
[Round "6"]
[White "Damljanovic, Branko"]
[Black "Saric, Ante"]
[Result "*"]
[WhiteElo "2495"]
[BlackElo "2533"]
[Annotator "TA"]
[PlyCount "112"]
[EventDate "2018.12.06"]
[EventType "swiss"]
[EventCountry "MKD"]

1. Nf3 c5 2. e4 g6 3. c3 d5 4. e5 Nc6 5. d4 Bg4 6. dxc5 Bxf3 7. Qxf3 Nxe5 8. Bb5+ Nc6 9. c4 e6 10. cxd5 Qxd5 11. Qxd5 exd5 12. O-O O-O-O 13. Bf4 Bxc5 14. Rc1 Bd6 15. Be3 d4 16. Bxd4 Bxh2+ 17. Kxh2 Rxd4 18. Bxc6 bxc6 19. Rxc6+ Kb7 20. Rc1 Nf6 21. f3 Rhd8 22. Nc3 Rd2 23. b3 Rf2 24. Rd1 Rdd2 25. Rxd2 Rxd2 26. Re1 Kc6 27. Re7 Rd7 28. Re2 Kc5 29. Rc2 Kd4 30. Na4 Re7 31. Kg3 Kd3 32. Rc6 Nh5+ 33. Kh4 Re2 34. g4 Rh2+ 35. Kg5 f6+ 36. Kh6 Nf4+ 37. Kg7 f5 38. Ra6 Ke3 39. gxf5 gxf5 40. Rxa7 Kxf3 41. Nc3 Ne6+ 42. Kf6 Nd4 43. Rd7 Ke3 44. Nd5+ Ke4 45. Nc3+ Ke3 46. Nd1+ Ke4 47. b4 Rh6+ 48. Kg7 Ra6 49. Kxh7 f4 50. Kg7 f3 51. a4 Nf5+ 52. Kh7 Rh6+ 53. Kg8 Rh2 54. a5 Rc2 55. a6 Rc8+ 56. Kh7 Nd6 *

[Event "European Blitz-ch 2018"]
[Site "Skopje"]
[Date "2018.12.06"]
[Round "6"]
[White "Studer, Noel"]
[Black "Rusev, Krasimir"]
[Result "0-1"]
[WhiteElo "2494"]
[BlackElo "2520"]
[Annotator "TA"]
[PlyCount "56"]
[EventDate "2018.12.06"]
[EventType "swiss"]
[EventCountry "MKD"]

1. d4 d5 2. c4 dxc4 3. e3 e5 4. Bxc4 exd4 5. exd4 Bd6 6. Nc3 Nf6 7. Qe2+ Qe7 8. Qxe7+ Bxe7 9. Nf3 Nbd7 10. O-O Nb6 11. Bb3 c6 12. Re1 Nfd5 13. Ng5 Bf5 14. Bd2 Rd8 15. a4 O-O 16. a5 Nc8 17. Re5 Nxc3 18. bxc3 Bg6 19. a6 b6 20. Ne4 Rd7 21. f4 Bd6 22. Nxd6 Nxd6 23. Rae1 Bd3 24. Re7 Rfd8 25. Bxf7+ Kf8 26. Rxd7 Rxd7 27. Be6 Re7 28. Bd7 Rxd7 0-1

[Event "European Blitz-ch 2018"]
[Site "Skopje"]
[Date "2018.12.06"]
[Round "6"]
[White "Zajic, Milan"]
[Black "Artemiev, Vladislav"]
[Result "1/2-1/2"]
[WhiteElo "2488"]
[BlackElo "2709"]
[Annotator "TA"]
[PlyCount "110"]
[EventDate "2018.12.06"]
[EventType "swiss"]
[EventCountry "MKD"]

1. e4 c6 2. d4 d5 3. Nd2 dxe4 4. Nxe4 Nf6 5. Nxf6+ exf6 6. c3 Bd6 7. Bd3 Be6 8. Ne2 Qc7 9. Qc2 Nd7 10. Be3 O-O-O 11. O-O-O Rhe8 12. c4 Bg4 13. h3 Bxe2 14. Bxe2 Bf4 15. Rd3 c5 16. Kb1 Bxe3 17. fxe3 Nb6 18. Rhd1 Kb8 19. Rc3 f5 20. Bf3 g6 21. a4 Nc8 22. Rb3 Nd6 23. dxc5 Qxc5 24. Rd5 Qc7 25. c5 Ne4 26. Bxe4 Rxe4 27. Rxd8+ Qxd8 28. c6 Re7 29. cxb7 Rxb7 30. Rxb7+ Kxb7 31. Qb3+ Ka8 32. Ka2 Qd7 33. Qc4 Kb7 34. Qb3+ Kc7 35. Qc4+ Kb7 36. Qb3+ Ka8 37. h4 a6 38. Qc4 Qb7 39. g3 h5 40. Qd4 Qc6 41. Ka3 Qc7 42. b3 Qxg3 43. Qd5+ Kb8 44. Qd8+ Kb7 45. Qd5+ Kc8 46. Qc6+ Kd8 47. Qxa6 Qxe3 48. a5 Qc5+ 49. b4 Qc3+ 50. Ka4 Qc2+ 51. Ka3 Qc1+ 52. Kb3 Qe3+ 53. Ka4 Qe8+ 54. Kb3 Qe3+ 55. Ka4 Qe8+ 1/2-1/2

[Event "European Blitz-ch 2018"]
[Site "Skopje"]
[Date "2018.12.06"]
[Round "6"]
[White "Jenni, Florian"]
[Black "Demidov, Mikhail"]
[Result "0-1"]
[WhiteElo "2454"]
[BlackElo "2520"]
[Annotator "TA"]
[PlyCount "48"]
[EventDate "2018.12.06"]
[EventType "swiss"]
[EventCountry "MKD"]

1. e4 e6 2. d4 d5 3. Nc3 Be7 4. Nf3 Nf6 5. e5 Nfd7 6. Ne2 c5 7. c3 b5 8. Ng3 b4 9. Bd3 Ba6 10. O-O Bxd3 11. Qxd3 Nc6 12. c4 dxc4 13. Qxc4 Nxd4 14. Nxd4 cxd4 15. Qxd4 Qc7 16. Bf4 O-O 17. Rac1 Qb7 18. Ne4 Rfd8 19. Nd6 Qb6 20. Rfd1 Qxd4 21. Rxd4 Nb6 22. Rc7 Bxd6 23. Rxd6 Nd5 24. Rc4 Rdc8 0-1

[Event "European Blitz-ch 2018"]
[Site "Skopje"]
[Date "2018.12.06"]
[Round "6"]
[White "Blohberger, Felix"]
[Black "Milanovic, Danilo"]
[Result "0-1"]
[WhiteElo "2447"]
[BlackElo "2494"]
[Annotator "TA"]
[PlyCount "224"]
[EventDate "2018.12.06"]
[EventType "swiss"]
[EventCountry "MKD"]

1. d4 Nf6 2. Bf4 b6 3. e3 Bb7 4. h3 e6 5. Nf3 Be7 6. Nbd2 d6 7. Bh2 Nbd7 8. a4 a6 9. c3 O-O 10. Bd3 Re8 11. O-O Bf8 12. Qc2 g6 13. Rfe1 Bg7 14. e4 e5 15. dxe5 dxe5 16. Rad1 Qe7 17. b4 a5 18. Qb3 Bc6 19. Bb5 Bxb5 20. axb5 Nh5 21. Ra1 Nf4 22. Nc4 axb4 23. cxb4 Ne2+ 24. Kh1 Nd4 25. Nxd4 Rxa1 26. Rxa1 exd4 27. f3 Ne5 28. Nxe5 Bxe5 29. Bg1 Qd7 30. Qd3 Qd6 31. Ra4 Rc8 32. Bf2 c5 33. bxc6 Rxc6 34. Ra8+ Kg7 35. Ra1 Qxb4 36. Rd1 Rd6 37. g3 Rd8 38. Kg2 Qd6 39. f4 Bf6 40. e5 Qc6+ 41. Qf3 Qxf3+ 42. Kxf3 Be7 43. Rxd4 Rb8 44. Rd7 Kf8 45. g4 b5 46. f5 gxf5 47. gxf5 b4 48. f6 Bd8 49. Bc5+ Ke8 50. Rd1 b3 51. Rb1 Bc7 52. Ke4 Rb5 53. Ba3 Bxe5 54. Rg1 Bxf6 55. Rg8+ Kd7 56. Rf8 b2 57. Bxb2 Rxb2 58. Rxf7+ Ke6 59. Rxh7 Rb4+ 60. Kd3 Be5 61. Ra7 Bd6 62. Ra5 Rh4 63. Ke2 Rxh3 64. Rg5 Be5 65. Rg8 Kd5 66. Re8 Kd4 67. Kf1 Ke4 68. Ke1 Rh2 69. Re7 Kd4 70. Kf1 Bf4 71. Re2 Rh7 72. Re6 Be3 73. Kg2 Kd3 74. Kf3 Rf7+ 75. Kg4 Ke2 76. Kh5 Kf3 77. Kg6 Ra7 78. Rc6 Kg4 79. Kf6 Bf4 80. Ke6 Ra8 81. Kd5 Rd8+ 82. Kc4 Kf3 83. Kb5 Ke4 84. Rg6 Be5 85. Rg4+ Kd5 86. Rg5 Rc8 87. Ka5 Rb8 88. Rh5 Kd4 89. Ka6 Ke4 90. Ka5 Bd4 91. Rh4+ Kd5 92. Ka6 Rb6+ 93. Ka5 Rb8 94. Ka6 Kc4 95. Rh6 Rb1 96. Rc6+ Bc5 97. Rg6 Kd5 98. Ka5 Bd6 99. Rg5+ Kc6 100. Rg4 Rb3 101. Rc4+ Bc5 102. Rg4 Rh3 103. Rg6+ Bd6 104. Rg4 Re3 105. Rh4 Rg3 106. Re4 Ra3+ 107. Ra4 Rh3 108. Rg4 Bc5 109. Rg6+ Kd5 110. Rg5+ Kc4 111. Rg4+ Bd4 112. Rg6 Ra3# 0-1

[Event "European Blitz-ch 2018"]
[Site "Skopje"]
[Date "2018.12.06"]
[Round "6"]
[White "Markoja, Boris"]
[Black "Lagarde, Maxime"]
[Result "0-1"]
[WhiteElo "2430"]
[BlackElo "2616"]
[Annotator "TA"]
[PlyCount "92"]
[EventDate "2018.12.06"]
[EventType "swiss"]
[EventCountry "MKD"]

1. d4 f5 2. Nc3 d5 3. f3 Nf6 4. Bg5 c5 5. e3 e6 6. Nh3 Nc6 7. Bb5 h6 8. Bxf6 Qxf6 9. Qd2 a6 10. Bxc6+ bxc6 11. Nf4 g5 12. Nfe2 Rb8 13. O-O-O Rh7 14. Na4 Rhb7 15. c3 c4 16. e4 Qd8 17. Qc2 Qa5 18. exf5 exf5 19. Kd2 c5 20. Rb1 Bd7 21. Nxc5 Bxc5 22. dxc5 Qxa2 23. Rhe1 Kd8 24. Nc1 Qxb1 25. Qxb1 Rxb2+ 26. Qc2 f4 27. Re5 Rxc2+ 28. Kxc2 Ba4+ 29. Kd2 Rb2+ 30. Ke1 Bc6 31. Re6 Kd7 32. Rxh6 a5 33. Ne2 a4 34. Nd4 a3 35. Rh7+ Ke8 36. Nxc6 a2 37. Re7+ Kf8 38. Ra7 Rxg2 39. Nb4 a1=Q+ 40. Rxa1 Rg1+ 41. Kd2 Rxa1 42. Nxd5 Ra5 43. Nc7 Ke7 44. c6 Rc5 45. Na6 Rxc6 46. Nb4 Rh6 0-1